[Event "Team men PL final"]
[Site "Sochi"]
[Date "2018.05.02"]
[Round "2.6"]
[White "Zvjaginsev, Vadim"]
[Black "Goganov, Aleksey"]
[Result "1-0"]
[BlackElo "2572"]
[WhiteElo "2625"]
[LiveChessVersion "1.4.8"]

1. Nf3 {[%clk 1:30:48]} d5 {[%clk 1:30:17]} 2. g3 {[%clk 1:30:36]} c6
{[%clk 1:30:05]} 3. Bg2 {[%clk 1:29:52]} Bg4 {[%clk 1:30:08]} 4. b3
{[%clk 1:27:29]} Nd7 {[%clk 1:30:14]} 5. Bb2 {[%clk 1:27:52]} e6 {[%clk 1:30:06]}
6. e3 {[%clk 1:27:39]} Ngf6 {[%clk 1:28:38]} 7. h3 {[%clk 1:27:59]} Bh5
{[%clk 1:27:26]} 8. Nc3 {[%clk 1:27:54]} Ne5 {[%clk 1:16:12]} 9. g4
{[%clk 1:26:06]} Nxf3+ {[%clk 1:16:24]} 10. Qxf3 {[%clk 1:25:46]} Bg6
{[%clk 1:16:09]} 11. d3 {[%clk 1:22:30]} Bd6 {[%clk 1:14:45]} 12. Qe2
{[%clk 1:20:55]} Qe7 {[%clk 1:13:02]} 13. O-O {[%clk 1:11:23]} Ba3
{[%clk 1:10:21]} 14. Bxa3 {[%clk 1:10:19]} Qxa3 {[%clk 1:10:46]} 15. f4
{[%clk 1:07:08]} O-O-O {[%clk 1:01:11]} 16. Qf2 {[%clk 1:01:42]} Nd7
{[%clk 0:56:52]} 17. e4 {[%clk 0:55:08]} dxe4 {[%clk 0:57:08]} 18. f5
{[%clk 0:54:28]} exf5 {[%clk 0:55:14]} 19. gxf5 {[%clk 0:54:22]} Bh5
{[%clk 0:52:51]} 20. Nxe4 {[%clk 0:54:26]} Nf6 {[%clk 0:39:06]} 21. Nxf6
{[%clk 0:49:30]} gxf6 {[%clk 0:39:31]} 22. Qh4 {[%clk 0:46:24]} Qc5+
{[%clk 0:36:27]} 23. Rf2 {[%clk 0:45:09]} Qd4 {[%clk 0:31:21]} 24. Qxd4
{[%clk 0:43:30]} Rxd4 {[%clk 0:31:24]} 25. Be4 {[%clk 0:40:19]} Rg8+
{[%clk 0:31:43]} 26. Rg2 {[%clk 0:37:23]} Rg5 {[%clk 0:32:01]} 27. Kf2
{[%clk 0:30:13]} Rd8 {[%clk 0:31:57]} 28. Rag1 {[%clk 0:29:49]} Rdg8
{[%clk 0:32:05]} 29. Ke3 {[%clk 0:15:37]} Kc7 {[%clk 0:30:50]} 30. d4
{[%clk 0:13:19]} a5 {[%clk 0:29:42]} 31. c4 {[%clk 0:12:18]} h6 {[%clk 0:28:32]}
32. h4 {[%clk 0:10:06]} Rxg2 {[%clk 0:27:17]} 33. Rxg2 {[%clk 0:10:32]} Rxg2
{[%clk 0:18:48]} 34. Bxg2 {[%clk 0:10:57]} Bg4 {[%clk 0:17:20]} 35. Kf4
{[%clk 0:09:54]} Bd1 {[%clk 0:16:56]} 36. Bf3 {[%clk 0:09:57]} Bc2
{[%clk 0:16:59]} 37. Kg4 {[%clk 0:09:21]} Bb1 {[%clk 0:17:11]} 38. a3
{[%clk 0:09:09]} Ba2 {[%clk 0:14:41]} 39. Kh5 {[%clk 0:05:37]} Bxb3
{[%clk 0:15:04]} 40. c5 {[%clk 0:33:37]} 1-0

[Event "Team men PL final"]
[Site "Sochi"]
[Date "2018.05.02"]
[Round "2.7"]
[White "Potkin, Vladimir"]
[Black "Gelfand, Boris"]
[Result "1-0"]
[BlackElo "2695"]
[WhiteElo "2574"]
[LiveChessVersion "1.4.8"]

1. Nf3 {[%clk 1:30:48]} c5 {[%clk 1:30:45]} 2. c4 {[%clk 1:31:07]} Nc6
{[%clk 1:31:07]} 3. Nc3 {[%clk 1:31:31]} g6 {[%clk 1:31:26]} 4. e3
{[%clk 1:31:22]} Nf6 {[%clk 1:31:29]} 5. d4 {[%clk 1:31:37]} cxd4
{[%clk 1:31:50]} 6. exd4 {[%clk 1:32:03]} d5 {[%clk 1:32:17]} 7. cxd5
{[%clk 1:31:00]} Nxd5 {[%clk 1:32:34]} 8. Qb3 {[%clk 1:30:37]} Nxc3
{[%clk 1:32:19]} 9. Bc4 {[%clk 1:30:48]} e6 {[%clk 1:32:39]} 10. bxc3
{[%clk 1:31:10]} Bd7 {[%clk 1:32:54]} 11. Be2 {[%clk 1:29:45]} Na5
{[%clk 1:29:42]} 12. Qb1 {[%clk 1:28:26]} Bg7 {[%clk 1:27:10]} 13. Ba3
{[%clk 1:28:20]} Bf8 {[%clk 1:26:54]} 14. Bb4 {[%clk 1:27:20]} Bxb4
{[%clk 1:23:12]} 15. Qxb4 {[%clk 1:27:19]} b6 {[%clk 1:23:38]} 16. h4
{[%clk 1:25:12]} h5 {[%clk 1:19:07]} 17. O-O {[%clk 1:23:38]} Nc6
{[%clk 1:13:53]} 18. Qd6 {[%clk 1:22:30]} Ne7 {[%clk 1:13:48]} 19. Qf4
{[%clk 1:02:48]} O-O {[%clk 1:08:42]} 20. c4 {[%clk 0:55:24]} Bc6
{[%clk 0:58:02]} 21. Rad1 {[%clk 0:48:59]} Rc8 {[%clk 0:27:50]} 22. Ne5
{[%clk 0:35:01]} Ba8 {[%clk 0:26:45]} 23. Bd3 {[%clk 0:28:19]} Kg7
{[%clk 0:26:10]} 24. Rfe1 {[%clk 0:28:11]} Qc7 {[%clk 0:21:24]} 25. d5
{[%clk 0:01:53]} exd5 {[%clk 0:19:01]} 26. cxd5 {[%clk 0:02:21]} Bxd5
{[%clk 0:14:51]} 27. Ba6 {[%clk 0:02:17]} Bxa2 {[%clk 0:04:40]} 28. Bxc8
{[%clk 0:02:19]} Rxc8 {[%clk 0:04:46]} 29. Rd7 {[%clk 0:01:24]} Qc3
{[%clk 0:04:59]} 30. Re3 {[%clk 0:01:13]} Qa1+ {[%clk 0:04:16]} 31. Kh2
{[%clk 0:01:41]} Nf5 {[%clk 0:04:36]} 32. Qg5 {[%clk 0:01:06]} Nxe3
{[%clk 0:01:05]} 33. Qxg6+ {[%clk 0:01:27]} Kh8 {[%clk 0:01:33]} 34. Qxh5+
{[%clk 0:01:26]} Kg8 {[%clk 0:01:58]} 35. fxe3 {[%clk 0:01:17]} Qf1
{[%clk 0:00:58]} 36. Qg5+ {[%clk 0:00:40]} Kh8 {[%clk 0:00:49]} 37. Qh6+
{[%clk 0:00:52]} Kg8 {[%clk 0:01:18]} 38. Ng6 {[%clk 0:01:01]} 1-0

[Event "Team men PL final"]
[Site "Sochi"]
[Date "2018.05.02"]
[Round "2.8"]
[White "Tomashevsky, Evgeny"]
[Black "Paravyan, David"]
[Result "1/2-1/2"]
[BlackElo "2620"]
[WhiteElo "2714"]
[LiveChessVersion "1.4.8"]

1. d4 {[%clk 1:30:56]} Nf6 {[%clk 1:30:56]} 2. Nf3 {[%clk 1:31:18]} g6
{[%clk 1:31:16]} 3. Bg5 {[%clk 1:31:41]} Bg7 {[%clk 1:31:42]} 4. Nbd2
{[%clk 1:31:58]} O-O {[%clk 1:32:07]} 5. e3 {[%clk 1:32:14]} d6 {[%clk 1:32:33]}
6. c3 {[%clk 1:31:17]} Bf5 {[%clk 1:32:52]} 7. Be2 {[%clk 1:21:53]} h6
{[%clk 1:32:22]} 8. Bh4 {[%clk 1:21:24]} g5 {[%clk 1:31:29]} 9. Bg3
{[%clk 1:21:37]} Nh5 {[%clk 1:31:18]} 10. Nf1 {[%clk 1:17:28]} Bg6
{[%clk 1:22:31]} 11. N3d2 {[%clk 1:13:32]} Nf6 {[%clk 1:04:25]} 12. h4
{[%clk 1:11:06]} c5 {[%clk 1:04:49]} 13. hxg5 {[%clk 1:03:08]} hxg5
{[%clk 1:05:15]} 14. Nh2 {[%clk 1:03:33]} cxd4 {[%clk 1:04:01]} 15. exd4
{[%clk 1:03:07]} e5 {[%clk 1:03:23]} 16. dxe5 {[%clk 0:40:22]} dxe5
{[%clk 1:03:47]} 17. Nhf3 {[%clk 0:40:17]} Nh5 {[%clk 0:48:23]} 18. Nc4
{[%clk 0:39:49]} Nxg3 {[%clk 0:46:02]} 19. fxg3 {[%clk 0:38:51]} Nd7
{[%clk 0:42:47]} 20. Qd5 {[%clk 0:26:12]} Qc7 {[%clk 0:18:21]} 21. Qd6
{[%clk 0:21:51]} Qxd6 {[%clk 0:13:03]} 22. Nxd6 {[%clk 0:22:19]} Bf6
{[%clk 0:12:18]} 23. O-O {[%clk 0:16:40]} Kg7 {[%clk 0:10:56]} 24. Rad1
{[%clk 0:13:13]} Nc5 {[%clk 0:08:46]} 25. Nd2 {[%clk 0:13:27]} Be7
{[%clk 0:06:10]} 26. Nf5+ {[%clk 0:11:51]} Bxf5 {[%clk 0:06:31]} 27. Rxf5
{[%clk 0:12:16]} f6 {[%clk 0:06:48]} 28. b4 {[%clk 0:11:55]} Na4 {[%clk 0:07:04]}
29. Ne4 {[%clk 0:12:20]} Rad8 {[%clk 0:07:28]} 30. g4 {[%clk 0:12:09]} a5
{[%clk 0:06:21]} 31. Rxd8 {[%clk 0:08:09]} Rxd8 {[%clk 0:05:24]} 32. Bb5
{[%clk 0:08:19]} Nxc3 {[%clk 0:03:57]} 33. Nxc3 {[%clk 0:08:38]} axb4
{[%clk 0:04:05]} 34. Ne4 {[%clk 0:06:49]} Rd4 {[%clk 0:04:16]} 35. Nf2
{[%clk 0:05:50]} e4 {[%clk 0:01:25]} 36. Kf1 {[%clk 0:01:49]} e3 {[%clk 0:01:22]}
37. Nd3 {[%clk 0:02:06]} Rxg4 {[%clk 0:01:20]} 38. Rd5 {[%clk 0:01:23]} b6
{[%clk 0:01:26]} 39. Ba4 {[%clk 0:00:55]} e2+ {[%clk 0:00:50]} 40. Kf2
{[%clk 0:30:33]} Bc5+ {[%clk 0:30:34]} 41. Kf3 {[%clk 0:23:41]} e1=Q
{[%clk 0:30:23]} 42. Nxe1 {[%clk 0:23:52]} Rf4+ {[%clk 0:30:47]} 43. Ke2
{[%clk 0:24:19]} Rf2+ {[%clk 0:31:12]} 44. Kd1 {[%clk 0:18:14]} Rxa2
{[%clk 0:31:24]} 45. Bb3 {[%clk 0:18:07]} Rb2 {[%clk 0:29:50]} 46. Rd7+
{[%clk 0:15:42]} Kf8 {[%clk 0:30:13]} 47. Rd3 {[%clk 0:13:14]} Ke7
{[%clk 0:26:05]} 48. Bc2 {[%clk 0:08:54]} g4 {[%clk 0:21:12]} 49. g3
{[%clk 0:05:35]} Ra2 {[%clk 0:14:34]} 50. Ng2 {[%clk 0:05:15]} Ra1+
{[%clk 0:10:13]} 51. Ke2 {[%clk 0:05:08]} Rh1 {[%clk 0:10:40]} 52. Ne3
{[%clk 0:04:22]} Rh2+ {[%clk 0:07:23]} 53. Kd1 {[%clk 0:04:50]} Rh1+
{[%clk 0:07:47]} 54. Kd2 {[%clk 0:05:15]} Rh2+ {[%clk 0:04:05]} 55. Kc1
{[%clk 0:05:40]} Bxe3+ {[%clk 0:00:37]} 56. Rxe3+ {[%clk 0:06:09]} Kd6
{[%clk 0:00:46]} 57. Bf5 {[%clk 0:05:36]} Kc5 {[%clk 0:00:34]} 58. Bxg4
{[%clk 0:05:51]} Rf2 {[%clk 0:00:35]} 59. Bc8 {[%clk 0:04:37]} Kd4
{[%clk 0:00:38]} 60. Rb3 {[%clk 0:05:00]} f5 {[%clk 0:00:34]} 61. Kd1
{[%clk 0:04:50]} Ke5 {[%clk 0:00:36]} 62. Bb7 {[%clk 0:03:52]} Ra2
{[%clk 0:00:34]} 63. Re3+ {[%clk 0:00:43]} Kd4 {[%clk 0:00:41]} 64. Rf3
{[%clk 0:01:07]} Ra3 {[%clk 0:01:03]} 65. Kd2 {[%clk 0:01:31]} Ra2+
{[%clk 0:00:46]} 66. Kc1 {[%clk 0:01:37]} Ra3 {[%clk 0:01:12]} 67. Rf4+
{[%clk 0:02:02]} Ke5 {[%clk 0:01:28]} 68. Bf3 {[%clk 0:01:14]} b5
{[%clk 0:01:06]} 69. Kd2 {[%clk 0:01:31]} Rc3 {[%clk 0:01:00]} 70. Be2
{[%clk 0:00:46]} Rxg3 {[%clk 0:01:25]} 71. Rxb4 {[%clk 0:01:13]} f4
{[%clk 0:01:34]} 72. Rxb5+ {[%clk 0:01:36]} Ke4 {[%clk 0:02:01]} 73. Rb4+
{[%clk 0:01:52]} Ke5 {[%clk 0:02:18]} 74. Ke1 {[%clk 0:02:14]} Rg2
{[%clk 0:02:09]} 75. Kf1 {[%clk 0:02:31]} Rh2 {[%clk 0:02:36]} 76. Bf3
{[%clk 0:02:56]} Ra2 {[%clk 0:02:57]} 77. Be2 {[%clk 0:03:19]} Ra3
{[%clk 0:03:15]} 78. Kf2 {[%clk 0:03:45]} Rc3 {[%clk 0:03:33]} 79. Ra4
{[%clk 0:04:01]} Rb3 {[%clk 0:03:51]} 80. Ra8 {[%clk 0:04:21]} Rc3
{[%clk 0:04:13]} 81. Rd8 {[%clk 0:04:32]} Rh3 {[%clk 0:04:29]} 82. Re8+
{[%clk 0:04:22]} Kf5 {[%clk 0:04:21]} 83. Bf3 {[%clk 0:04:09]} Rg3
{[%clk 0:04:18]} 84. Be4+ {[%clk 0:04:10]} Kf6 {[%clk 0:04:32]} 85. Rf8+
{[%clk 0:02:42]} Ke5 {[%clk 0:04:57]} 86. Bh7 {[%clk 0:03:09]} Rh3
{[%clk 0:05:16]} 87. Re8+ {[%clk 0:03:07]} Kf6 {[%clk 0:05:43]} 88. Be4
{[%clk 0:02:51]} Rb3 {[%clk 0:05:53]} 89. Bc6 {[%clk 0:02:50]} Rc3
{[%clk 0:05:53]} 90. Bb7 {[%clk 0:03:07]} Re3 {[%clk 0:05:52]} 91. Rf8+
{[%clk 0:03:04]} Ke5 {[%clk 0:06:19]} 92. Rh8 {[%clk 0:02:20]} Kf6
{[%clk 0:06:10]} 93. Rf8+ {[%clk 0:01:25]} Ke5 {[%clk 0:06:23]} 94. Bc8
{[%clk 0:01:02]} Rc3 {[%clk 0:06:43]} 95. Re8+ {[%clk 0:01:11]} Kf6
{[%clk 0:07:09]} 96. Bg4 {[%clk 0:01:09]} Rb3 {[%clk 0:06:36]} 97. Rc8
{[%clk 0:01:07]} Re3 {[%clk 0:05:50]} 98. Bd1 {[%clk 0:01:21]} Ke5
{[%clk 0:04:52]} 99. Rc5+ {[%clk 0:01:06]} Ke4 {[%clk 0:04:58]} 100. Bc2+
{[%clk 0:01:06]} Kd4 {[%clk 0:05:25]} 101. Ra5 {[%clk 0:01:31]} Rh3
{[%clk 0:05:40]} 102. Bb1 {[%clk 0:01:11]} Rb3 {[%clk 0:05:21]} 103. Bh7
{[%clk 0:00:56]} Rh3 {[%clk 0:05:29]} 104. Bg6 {[%clk 0:01:02]} Rg3
{[%clk 0:05:13]} 105. Bf5 {[%clk 0:00:57]} Rb3 {[%clk 0:05:13]} 106. Bd7
{[%clk 0:00:37]} Rc3 {[%clk 0:05:24]} 107. Bg4 {[%clk 0:00:44]} Ke4
{[%clk 0:03:39]} 108. Bd1 {[%clk 0:00:43]} Kd4 {[%clk 0:03:03]} 109. Bh5
{[%clk 0:00:38]} Rb3 {[%clk 0:03:10]} 110. Bg6 {[%clk 0:00:45]} Rg3
{[%clk 0:03:35]} 111. Ra4+ {[%clk 0:00:36]} Ke5 {[%clk 0:03:55]} 112. Bb1
{[%clk 0:00:58]} Rb3 {[%clk 0:03:22]} 113. Re4+ {[%clk 0:01:24]} Kd5
{[%clk 0:03:43]} 114. Re1 {[%clk 0:01:48]} Re3 {[%clk 0:04:06]} 115. Rh1
{[%clk 0:02:14]} Rc3 {[%clk 0:01:05]} 116. Rh5+ {[%clk 0:02:13]} Ke6
{[%clk 0:01:31]} 117. Rf5 {[%clk 0:02:34]} Rc4 {[%clk 0:01:14]} 118. Kf3
{[%clk 0:02:52]} Rc1 {[%clk 0:00:35]} 119. Be4 {[%clk 0:02:34]} Re1
{[%clk 0:01:00]} 120. Ra5 {[%clk 0:02:41]} Rf1+ {[%clk 0:01:26]} 121. Kg4
{[%clk 0:03:07]} 1/2-1/2

[Event "Team men PL final"]
[Site "Sochi"]
[Date "2018.05.02"]
[Round "2.9"]
[White "Stupak, Kirill"]
[Black "Malakhov, Vladimir"]
[Result "1/2-1/2"]
[BlackElo "2691"]
[WhiteElo "2556"]
[LiveChessVersion "1.4.8"]

1. d4 {[%clk 1:30:58]} d5 {[%clk 1:30:27]} 2. c4 {[%clk 1:31:24]} c6
{[%clk 1:30:52]} 3. cxd5 {[%clk 1:31:51]} cxd5 {[%clk 1:31:02]} 4. Bf4
{[%clk 1:32:20]} Nc6 {[%clk 1:31:03]} 5. e3 {[%clk 1:32:46]} Nf6 {[%clk 1:30:58]}
6. Nc3 {[%clk 1:33:12]} a6 {[%clk 1:29:22]} 7. Bd3 {[%clk 1:32:58]} Bg4
{[%clk 1:29:06]} 8. f3 {[%clk 1:33:07]} Bh5 {[%clk 1:29:20]} 9. Nge2
{[%clk 1:19:15]} e6 {[%clk 1:28:45]} 10. O-O {[%clk 1:15:01]} Bd6
{[%clk 1:27:47]} 11. Rc1 {[%clk 1:14:37]} Bg6 {[%clk 1:27:33]} 12. Na4
{[%clk 1:10:52]} Bxd3 {[%clk 1:23:04]} 13. Qxd3 {[%clk 1:11:16]} Bxf4
{[%clk 1:23:30]} 14. Nxf4 {[%clk 1:10:38]} Nd7 {[%clk 1:23:55]} 15. Qd2
{[%clk 0:56:29]} O-O {[%clk 1:18:04]} 16. Nd3 {[%clk 0:56:11]} Qe7
{[%clk 1:15:26]} 17. Rc2 {[%clk 0:55:33]} Rfe8 {[%clk 1:03:29]} 18. a3
{[%clk 0:44:24]} Rad8 {[%clk 0:57:48]} 19. Rd1 {[%clk 0:31:15]} h6
{[%clk 0:56:09]} 20. Nac5 {[%clk 0:27:34]} Nxc5 {[%clk 0:55:01]} 21. Nxc5
{[%clk 0:27:36]} Rd6 {[%clk 0:52:37]} 22. Nd3 {[%clk 0:22:55]} e5
{[%clk 0:38:11]} 23. dxe5 {[%clk 0:21:08]} Nxe5 {[%clk 0:36:15]} 24. Nxe5
{[%clk 0:21:36]} Qxe5 {[%clk 0:36:39]} 25. Rc3 {[%clk 0:22:05]} Rde6
{[%clk 0:36:36]} 26. Rd3 {[%clk 0:11:56]} Qg5 {[%clk 0:35:17]} 27. Kf2
{[%clk 0:12:17]} Qh4+ {[%clk 0:31:57]} 28. Kg1 {[%clk 0:12:29]} Qe7
{[%clk 0:32:12]} 29. Re1 {[%clk 0:11:29]} Re5 {[%clk 0:32:04]} 30. Kf2
{[%clk 0:10:49]} Qh4+ {[%clk 0:32:20]} 31. Kg1 {[%clk 0:11:13]} Qe7
{[%clk 0:32:39]} 32. Qc3 {[%clk 0:08:04]} Qh4 {[%clk 0:29:27]} 33. Qd2
{[%clk 0:04:12]} Qe7 1/2-1/2

[Event "Team men PL final"]
[Site "Sochi"]
[Date "2018.05.02"]
[Round "2.11"]
[White "Antipov, Mikhail Al."]
[Black "Rublevsky, Sergei"]
[Result "1-0"]
[BlackElo "2665"]
[WhiteElo "2597"]
[LiveChessVersion "1.4.8"]

1. e4 {[%clk 1:30:59]} c5 {[%clk 1:30:56]} 2. Nf3 {[%clk 1:31:24]} e6
{[%clk 1:31:20]} 3. b3 {[%clk 1:31:50]} a6 {[%clk 1:31:41]} 4. c4
{[%clk 1:32:11]} Nc6 {[%clk 1:31:56]} 5. Bb2 {[%clk 1:32:26]} Qc7
{[%clk 1:32:12]} 6. h3 {[%clk 1:32:50]} Nge7 {[%clk 1:30:35]} 7. Be2
{[%clk 1:33:14]} Ng6 {[%clk 1:30:08]} 8. O-O {[%clk 1:33:37]} Bd6
{[%clk 1:28:11]} 9. d4 {[%clk 1:34:02]} cxd4 {[%clk 1:26:49]} 10. Nxd4
{[%clk 1:34:26]} O-O {[%clk 1:24:22]} 11. Nc3 {[%clk 1:28:01]} b6
{[%clk 1:21:35]} 12. Nc2 {[%clk 0:40:29]} Bb7 {[%clk 1:21:10]} 13. Qd2
{[%clk 0:40:01]} Bh2+ {[%clk 1:03:28]} 14. Kh1 {[%clk 0:39:26]} Bf4
{[%clk 1:03:51]} 15. Ne3 {[%clk 0:39:38]} f5 {[%clk 1:03:29]} 16. Rad1
{[%clk 0:38:28]} Nce5 {[%clk 1:01:07]} 17. Qd4 {[%clk 0:29:12]} Qc6
{[%clk 0:46:09]} 18. Bh5 {[%clk 0:27:02]} fxe4 {[%clk 0:39:13]} 19. Ne2
{[%clk 0:19:37]} Bh6 {[%clk 0:23:35]} 20. Bxg6 {[%clk 0:18:45]} Nxg6
{[%clk 0:24:02]} 21. Ng4 {[%clk 0:16:59]} Rf7 {[%clk 0:23:33]} 22. Nxh6+
{[%clk 0:15:00]} gxh6 {[%clk 0:22:46]} 23. Ng3 {[%clk 0:10:19]} Raf8
{[%clk 0:18:37]} 24. Qe3 {[%clk 0:06:25]} Qc5 {[%clk 0:13:30]} 25. Qxh6
{[%clk 0:05:15]} e5 {[%clk 0:13:44]} 26. Bc1 {[%clk 0:04:26]} b5 {[%clk 0:06:28]}
27. Be3 {[%clk 0:04:39]} Qe7 {[%clk 0:06:54]} 28. c5 {[%clk 0:04:29]} Nf4
{[%clk 0:06:35]} 29. Rd6 {[%clk 0:04:02]} Rf6 {[%clk 0:04:00]} 30. Qg5+
{[%clk 0:03:59]} Kf7 {[%clk 0:02:31]} 31. Nf5 {[%clk 0:01:39]} Rxf5
{[%clk 0:01:54]} 32. Qxf5+ {[%clk 0:02:05]} Ke8 {[%clk 0:02:14]} 33. Qg4
{[%clk 0:02:31]} h5 {[%clk 0:01:16]} 34. Qg3 {[%clk 0:02:44]} Bc6
{[%clk 0:01:29]} 35. Bxf4 {[%clk 0:01:45]} exf4 {[%clk 0:01:18]} 36. Qg6+
{[%clk 0:02:12]} Kd8 {[%clk 0:01:38]} 37. Rxc6 {[%clk 0:02:25]} dxc6
{[%clk 0:02:04]} 38. Qxc6 {[%clk 0:02:42]} Qd7 {[%clk 0:02:25]} 39. Qa8+
{[%clk 0:03:07]} Ke7 {[%clk 0:02:00]} 40. Qxe4+ {[%clk 0:33:34]} Qe6
{[%clk 0:32:26]} 41. Qb7+ {[%clk 0:30:37]} Ke8 {[%clk 0:32:06]} 42. Rd1
{[%clk 0:29:12]} f3 {[%clk 0:32:31]} 43. c6 {[%clk 0:27:50]} fxg2+
{[%clk 0:31:32]} 44. Kg1 {[%clk 0:28:17]} Qe7 {[%clk 0:28:38]} 45. c7
{[%clk 0:28:14]} 1-0

[Event "Team men PL final"]
[Site "Sochi"]
[Date "2018.05.02"]
[Round "2.12"]
[White "Bologan, Victor"]
[Black "Lomasov, Semen"]
[Result "1-0"]
[BlackElo "2559"]
[WhiteElo "2610"]
[LiveChessVersion "1.4.8"]

1. d4 {[%clk 1:30:57]} Nf6 {[%clk 1:30:53]} 2. c4 {[%clk 1:31:14]} e6
{[%clk 1:31:18]} 3. Nf3 {[%clk 1:31:40]} Bb4+ {[%clk 1:31:41]} 4. Bd2
{[%clk 1:32:04]} a5 {[%clk 1:32:01]} 5. a3 {[%clk 1:30:43]} Bxd2+
{[%clk 1:31:58]} 6. Qxd2 {[%clk 1:31:07]} d6 {[%clk 1:31:35]} 7. Nc3
{[%clk 1:31:30]} Nc6 {[%clk 1:29:47]} 8. g4 {[%clk 1:10:59]} Nxg4
{[%clk 0:40:58]} 9. Rg1 {[%clk 1:11:07]} e5 {[%clk 0:41:16]} 10. d5
{[%clk 1:08:47]} Ne7 {[%clk 0:39:24]} 11. h3 {[%clk 1:07:08]} Nf6
{[%clk 0:39:33]} 12. Rxg7 {[%clk 1:07:13]} Bf5 {[%clk 0:38:22]} 13. Rg1
{[%clk 1:00:04]} Qd7 {[%clk 0:30:33]} 14. Qg5 {[%clk 0:52:50]} Ne4
{[%clk 0:06:57]} 15. Nxe4 {[%clk 0:50:18]} Bxe4 {[%clk 0:07:25]} 16. Nxe5
{[%clk 0:49:38]} Qf5 {[%clk 0:06:52]} 17. Qxf5 {[%clk 0:49:31]} Nxf5
{[%clk 0:06:23]} 18. Ng4 {[%clk 0:47:52]} Ke7 {[%clk 0:05:44]} 19. f3
{[%clk 0:23:31]} Bc2 {[%clk 0:06:09]} 20. Rc1 {[%clk 0:11:37]} Nd4
{[%clk 0:05:12]} 21. Ne3 {[%clk 0:10:13]} Bg6 {[%clk 0:05:28]} 22. h4
{[%clk 0:08:55]} Rhe8 {[%clk 0:04:44]} 23. Kf2 {[%clk 0:06:39]} Kf8
{[%clk 0:04:05]} 24. Rc3 {[%clk 0:07:01]} h5 {[%clk 0:02:33]} 25. Bh3
{[%clk 0:07:02]} c5 {[%clk 0:02:27]} 26. dxc6 {[%clk 0:04:46]} bxc6
{[%clk 0:02:52]} 27. Rd1 {[%clk 0:03:56]} c5 {[%clk 0:03:14]} 28. Rd2
{[%clk 0:04:09]} Rab8 {[%clk 0:03:25]} 29. Bd7 {[%clk 0:02:23]} Re5
{[%clk 0:00:33]} 30. Ba4 {[%clk 0:02:18]} f6 {[%clk 0:00:35]} 31. Nd5
{[%clk 0:01:49]} Kf7 {[%clk 0:00:32]} 32. Nf4 {[%clk 0:01:52]} Rb6
{[%clk 0:00:31]} 33. e3 {[%clk 0:01:25]} Nf5 {[%clk 0:00:46]} 34. Nxg6
{[%clk 0:01:15]} Kxg6 {[%clk 0:01:02]} 35. Bc2 {[%clk 0:01:25]} Rb8
{[%clk 0:00:33]} 36. f4 {[%clk 0:01:39]} Ree8 {[%clk 0:00:32]} 37. Kf3
{[%clk 0:01:55]} 1-0

[Event "Team men PL final"]
[Site "Sochi"]
[Date "2018.05.02"]
[Round "2.13"]
[White "Sarana, Alexey"]
[Black "Shinkevich, Vitaly"]
[Result "1/2-1/2"]
[BlackElo "2433"]
[WhiteElo "2587"]
[LiveChessVersion "1.4.8"]

1. Nf3 {[%clk 1:30:57]} c5 {[%clk 1:30:06]} 2. c4 {[%clk 1:31:20]} Nf6
{[%clk 1:29:21]} 3. g3 {[%clk 1:31:43]} g6 {[%clk 1:26:00]} 4. Bg2
{[%clk 1:31:48]} Bg7 {[%clk 1:26:29]} 5. Nc3 {[%clk 1:31:28]} O-O
{[%clk 1:26:51]} 6. O-O {[%clk 1:31:48]} Nc6 {[%clk 1:26:49]} 7. d4
{[%clk 1:32:13]} cxd4 {[%clk 1:27:15]} 8. Nxd4 {[%clk 1:32:37]} Qb6
{[%clk 1:26:51]} 9. e3 {[%clk 1:28:09]} d6 {[%clk 1:22:59]} 10. b3
{[%clk 1:25:34]} Bd7 {[%clk 1:22:29]} 11. Bb2 {[%clk 1:25:13]} Rfc8
{[%clk 1:22:13]} 12. Qd2 {[%clk 1:23:09]} Rab8 {[%clk 1:20:36]} 13. Rfd1
{[%clk 1:19:16]} Qa5 {[%clk 1:17:09]} 14. Rac1 {[%clk 1:07:47]} Nxd4
{[%clk 1:06:34]} 15. exd4 {[%clk 1:04:09]} Qh5 {[%clk 1:01:07]} 16. Re1
{[%clk 1:00:53]} Re8 {[%clk 0:59:56]} 17. Qe2 {[%clk 0:57:24]} Bg4
{[%clk 0:53:39]} 18. f3 {[%clk 0:56:06]} Bd7 {[%clk 0:52:44]} 19. Nd1
{[%clk 0:50:12]} Qa5 {[%clk 0:46:31]} 20. Bc3 {[%clk 0:48:32]} Qa3
{[%clk 0:37:23]} 21. Ne3 {[%clk 0:45:26]} b5 {[%clk 0:14:11]} 22. c5
{[%clk 0:40:28]} Rec8 {[%clk 0:13:02]} 23. b4 {[%clk 0:39:42]} dxc5
{[%clk 0:12:29]} 24. dxc5 {[%clk 0:38:24]} Be6 {[%clk 0:03:20]} 25. Qb2
{[%clk 0:33:02]} Qxb2 {[%clk 0:03:27]} 26. Bxb2 {[%clk 0:33:31]} Rd8
{[%clk 0:03:49]} 27. Rcd1 {[%clk 0:29:36]} Rxd1 {[%clk 0:03:13]} 28. Rxd1
{[%clk 0:30:05]} Ng4 {[%clk 0:02:08]} 29. Bc1 {[%clk 0:28:31]} Nxe3
{[%clk 0:02:05]} 30. Bxe3 {[%clk 0:28:57]} Bc3 {[%clk 0:00:34]} 31. a3
{[%clk 0:25:48]} a5 {[%clk 0:00:50]} 32. bxa5 {[%clk 0:19:45]} Bxa5
{[%clk 0:01:18]} 33. Rb1 {[%clk 0:20:11]} Bc7 {[%clk 0:01:02]} 34. f4
{[%clk 0:20:21]} Bc4 {[%clk 0:00:34]} 35. Bc6 {[%clk 0:20:28]} f6
{[%clk 0:00:36]} 36. Bd7 {[%clk 0:16:22]} Kf7 {[%clk 0:00:39]} 37. c6
{[%clk 0:16:39]} Bd6 {[%clk 0:00:32]} 38. Re1 {[%clk 0:15:38]} Ra8
{[%clk 0:00:34]} 39. Bb6 {[%clk 0:15:44]} Rxa3 {[%clk 0:00:37]} 40. Bh3
{[%clk 0:39:16]} f5 {[%clk 0:30:36]} 41. c7 {[%clk 0:33:06]} Ra8 {[%clk 0:29:50]}
42. Bg2 {[%clk 0:32:07]} Rc8 {[%clk 0:29:47]} 43. Bb7 {[%clk 0:32:21]} Rxc7
{[%clk 0:25:32]} 44. Bxc7 {[%clk 0:32:42]} 1/2-1/2